000 00318nam a2200133Ia 4500
008 191201s2013 xx 000 0 und d
082 _a658.007
_bKUR
100 _aKUMAR,Ranjit
245 0 _aResearch Methodology
260 _aN. delhi
_bSaga Publications
_c2013
300 _a415
650 _aBBA
942 _2ddc
_cBK
_01
999 _c5784
_d5784